000 00969nam a2200265 a 4500
001 41883
003 BD-RjUL
005 20211209053450.0
008 160607s1958 xx 000 0 eng
035 _a(BD-RjUL)42001
040 _aDLC
_cFM
_dBD-RjUL
_beng
041 _aeng
082 _a323.404
_219
_bHAF 1958
100 1 _aHarding, Arthur Leon,
_9128701
245 1 0 _aFree man versus his government /
_c[by] Merrimon Cuninggim [and others] Edited with an introd.
260 _aDallas :
_bSouthern Methodist University Press,
_c1958.
300 _a117 p. ;
_c23 cm.
490 0 _aSouthern Methodist University. Studies in juris-prudence,
_v5
500 _aBased upon papers presented at the Conference on Law in Society, held at Southern Methodist University, April 24, 1957.
650 0 _aCivil rights
_zUnited States.
_9128702
650 0 _aLiberty.
_9125356
700 1 _aCuninggim, Merrimon,
_d1911-
_9128703
942 _2ddc
_cBK
999 _c41883
_d41883